[Prices of Marine Corps clothing, equipage, and other supplies; and allowances by rank and tenure].

Bibliographic Details
Corporate Author: United States. Department of the Navy
Format: Government Document eBook
Language:English
Published: [Washington] : [publisher not identified], 1898.
Subjects:
Online Access:Connect to the full text of this electronic document

MARC

Tag First Indicator Second Indicator Subfields
LEADER 00000cam a22000001a 4500
001 in00003661850
005 20190408172533.0
006 m o d f
007 cr bn mmmapmmp
008 141208s1898 dcu o f000 0 eng d
035 |a ebd1909502973 
040 |a UMI  |c UMI  |d UtOrBLW 
086 0 |a N 1.16/1:76 
099 |a N116-1.76 
110 1 |a United States.  |b Department of the Navy.  |0 http://id.loc.gov/authorities/names/n2003031388 
245 1 0 |a [Prices of Marine Corps clothing, equipage, and other supplies; and allowances by rank and tenure]. 
264 1 |a [Washington] :  |b [publisher not identified],  |c 1898. 
300 |a 1 online resource (12 pages) 
336 |a text  |b txt  |2 rdacontent 
337 |a computer  |b c  |2 rdamedia 
338 |a online resource  |b cr  |2 rdacarrier 
500 |a Includes subseries of orders Reorganization of civil force, navy yards that covers declarations of vacancy in, and notices of examination for, technical supervisory positions at navy yards, with information on application procedures. 
533 |a Electronic reproduction.  |b [Bethesda, Md.] :  |c ProQuest,  |d 2014.  |e digital, PDF file.  |n ProQuest U.S. Executive Branch Documents  |n Mode of access: World Wide Web via ProQuest website. 
588 |a Record is based on online resource; title from PDF title page (ProQuest, last viewed Dec. 2014). Reuse except for individual research requires license from ProQuest, LLC. 
500 |a Electronic resource. 
650 0 |a Furniture.  |0 http://id.loc.gov/authorities/subjects/sh85052522 
650 0 |a Household appliances.  |0 http://id.loc.gov/authorities/subjects/sh85062574 
650 0 |a Prices.  |0 http://id.loc.gov/authorities/subjects/sh85106622 
650 0 |a Uniforms.  |0 http://id.loc.gov/authorities/subjects/sh85139691 
655 7 |a Electronic books.  |2 local 
856 4 0 |u http://proxy.library.tamu.edu/login?url=http://congressional.proquest.com/congressional/docview/t66.d71.n116-1.76  |z Connect to the full text of this electronic document  |t 0 
999 f f |s 0bb5fc6f-ff9b-3af8-8bd4-e99d60fad001  |i f39fb056-bc25-3c0e-acb7-ae8d72c97fb1  |t 0 
952 f f |a Texas A&M University  |b College Station  |c Electronic Resources  |d Available Online  |t 0  |h No information provided 
998 f f |t 0  |l Available Online